[Event "Collado Villaoba op-B 34th"]
[Site "Collado Villalba"]
[Date "2017.08.29"]
[Round "8.5"]
[White "Sotoca Aguado, Jose"]
[Black "Cujba, Anca-Claudia"]
[Result "1-0"]
[WhiteElo "1885"]
[BlackElo "1664"]
[PlyCount "87"]
[EventDate "2017.08.22"]
[EventType "swiss"]
[EventRounds "9"]
[EventCountry "ESP"]

1. d4 b6 2. e4 Bb7 3. Nc3 e6 4. Nf3 Nf6 5. Bd3 Bb4 6. Qe2 d5 7. e5 Ne4 8. Bd2
Bxc3 9. bxc3 h6 10. O-O Qe7 11. c4 Nxd2 12. Nxd2 dxc4 13. Nxc4 Nc6 14. c3 O-O-O
15. a4 a5 16. Rab1 Qg5 17. f4 Qe7 18. Be4 Qd7 19. Rfd1 Qe8 20. Qf3 Kd7 21. d5
exd5 22. Rxd5+ Ke7 23. Rxd8 Kxd8 24. Rd1+ Ke7 25. Ne3 Kf8 26. Nd5 Ne7 27. Nxc7
Bxe4 28. Qxe4 Qc8 29. Qa8 Qxa8 30. Nxa8 g5 31. Rd8+ Kg7 32. Rxh8 Kxh8 33. Nxb6
gxf4 34. Kf2 Kg7 35. Kf3 Ng6 36. Ke4 f5+ 37. Kxf5 Nh4+ 38. Kxf4 Nxg2+ 39. Kf5
h5 40. c4 h4 41. c5 h3 42. c6 Nh4+ 43. Kg4 Ng6 44. c7 1-0

[Event "Collado Villaoba op-B 34th"]
[Site "Collado Villalba"]
[Date "2017.08.29"]
[Round "8.6"]
[White "Mataix Fernandez, Ricardo"]
[Black "Camarero Izquierdo, Juan Carlos"]
[Result "1-0"]
[WhiteElo "1762"]
[BlackElo "1844"]
[PlyCount "113"]
[EventDate "2017.08.22"]
[EventType "swiss"]
[EventRounds "9"]
[EventCountry "ESP"]

1. d4 f5 2. Bf4 e6 3. e3 Nf6 4. Nf3 b6 5. Nbd2 Bb7 6. c3 Nc6 7. Bd3 Ne7 8. Qe2
a5 9. Rg1 Ng6 10. h3 c5 11. Bh2 Be7 12. Ne5 Nxe5 13. dxe5 Nd5 14. g4 O-O 15.
gxf5 exf5 16. e4 Nxc3 17. bxc3 fxe4 18. Qg4 g6 19. Nxe4 Kh8 20. Bg3 Bd5 21. Qe2
Rc8 22. Bc4 Bc6 23. Rd1 Rb8 24. Bb5 Rc8 25. Bxc6 Rxc6 26. Qb5 Qe8 27. Qd3 Qf7
28. Qxd7 Re6 29. Qa4 Qf3 30. Qc4 Qf5 31. Qe2 b5 32. Nd6 Bxd6 33. Rxd6 Rxd6 34.
exd6 Qb1+ 35. Qd1 Re8+ 36. Kd2 Qxa2+ 37. Kc1 Re2 38. Qxe2 Qxe2 39. Rd1 Qf3 40.
Kc2 Qe2+ 41. Rd2 Qe4+ 42. Kb2 b4 43. cxb4 Qxb4+ 44. Kc2 Qa4+ 45. Kc1 Qd7 46.
Re2 c4 47. Re7 Qf5 48. Rc7 Qg5+ 49. Kd1 Qd5+ 50. Ke1 Qh1+ 51. Ke2 Qe4+ 52. Kf1
Qh1+ 53. Ke2 Qe4+ 54. Kf1 Qd3+ 55. Kg2 Qe4+ 56. Kh2 Qd3 57. d7 1-0

[Event "Collado Villaoba op-B 34th"]
[Site "Collado Villalba"]
[Date "2017.08.29"]
[Round "8.7"]
[White "Muñoz Morato, Miguel"]
[Black "Bon Ibañez, Alejandro"]
[Result "0-1"]
[WhiteElo "1659"]
[BlackElo "1804"]
[PlyCount "62"]
[EventDate "2017.08.22"]
[EventType "swiss"]
[EventRounds "9"]
[EventCountry "ESP"]

1. e4 c5 2. Nf3 e6 3. d4 cxd4 4. Nxd4 Nf6 5. f3 a6 6. Be3 Be7 7. Nc3 Nc6 8. Be2
O-O 9. Qd2 d5 10. O-O-O Qc7 11. g4 Nxd4 12. Bxd4 e5 13. Bf2 d4 14. Nb1 Be6 15.
b3 Rfc8 16. Bd3 a5 17. a4 Bxb3 18. Rdg1 Bxa4 19. h4 b5 20. h5 b4 21. g5 Ne8 22.
g6 fxg6 23. hxg6 h6 24. Rxh6 gxh6 25. Qxh6 Bf6 26. Nd2 Qg7 27. Qh3 Bd7 28. Qg2
Nd6 29. Rh1 Be8 30. Rh7 Qxg6 31. Qxg6+ Bxg6 0-1

[Event "Collado Villaoba op-B 34th"]
[Site "Collado Villalba"]
[Date "2017.08.29"]
[Round "8.8"]
[White "Diaz Lopez, Victor"]
[Black "Fernandez Estremera, Fernando"]
[Result "0-1"]
[WhiteElo "1800"]
[BlackElo "1722"]
[PlyCount "114"]
[EventDate "2017.08.22"]
[EventType "swiss"]
[EventRounds "9"]
[EventCountry "ESP"]

1. c4 Nf6 2. Nc3 b6 3. e4 e5 4. g3 Bb7 5. Bg2 Nc6 6. Nge2 Bc5 7. Na4 d6 8. O-O
O-O 9. a3 a5 10. d3 h6 11. Kh1 Ng4 12. Nxc5 dxc5 13. Nc3 Qd7 14. Nd5 Nd4 15. f3
Bxd5 16. cxd5 Nf6 17. f4 Qg4 18. Qxg4 Nxg4 19. Bh3 Nc2 20. Rb1 Nge3 21. Bxe3
Nxe3 22. Rf2 exf4 23. gxf4 Rfe8 24. Re1 Nxd5 25. Bd7 Re7 26. Bc6 Rd8 27. Rg1
Nf6 28. e5 Nd5 29. Rfg2 f5 30. Rf2 Ne3 31. Bb5 Rd4 32. Rf3 Nd5 33. Bc4 Kf8 34.
Bxd5 Rxd5 35. Rgg3 Kf7 36. Kg2 Red7 37. b3 b5 38. Re3 Re7 39. Kf2 Rd4 40. Rgf3
a4 41. bxa4 Rxa4 42. Re2 Re6 43. Rb2 Rb6 44. Rb3 Ke6 45. Rg3 Rxf4+ 46. Ke2 g5
47. Rc3 Kd5 48. Rg1 c4 49. dxc4+ bxc4 50. Rd1+ Kxe5 51. Rd8 Re4+ 52. Kf2 Rb2+
53. Kg3 Rb3 54. Rxb3 cxb3 55. Rb8 Kd4 56. a4 Kc3 57. a5 b2 0-1

[Event "Collado Villaoba op-B 34th"]
[Site "Collado Villalba"]
[Date "2017.08.29"]
[Round "8.9"]
[White "Carrasco Coquillat, Alvaro"]
[Black "Gamboa Ondono, Jesus"]
[Result "1/2-1/2"]
[WhiteElo "1639"]
[BlackElo "1772"]
[PlyCount "124"]
[EventDate "2017.08.22"]
[EventType "swiss"]
[EventRounds "9"]
[EventCountry "ESP"]

1. d4 d5 2. c4 e6 3. Nc3 Nf6 4. Bg5 Be7 5. Nf3 h6 6. Bh4 O-O 7. e3 b6 8. cxd5
exd5 9. Bd3 c5 10. dxc5 bxc5 11. O-O Be6 12. Rc1 Nc6 13. Na4 c4 14. Bb1 Qa5 15.
Nc3 Rab8 16. Qe2 Qb6 17. Na4 Qb4 18. Qc2 g6 19. Bg3 Bf5 20. Qd1 Bxb1 21. Rxb1
Rbc8 22. Nc3 Rfd8 23. Nd4 Na5 24. Bh4 Nb7 25. Qf3 Qd6 26. Ncb5 Qb6 27. Bxf6
Bxf6 28. Nxa7 Ra8 29. Ndc6 Rd6 30. Rfd1 d4 31. exd4 Rxa7 32. Nxa7 Qxa7 33. b3
cxb3 34. Rxb3 Na5 35. Ra3 Qc7 36. Qa8+ Bd8 37. Re3 Kg7 38. Qe4 Re6 39. Qf3 Rd6
40. Qe4 Bf6 41. Red3 Qb6 42. Qe3 Nc4 43. Qc1 Qa6 44. Rc3 Na5 45. Rcd3 Qb6 46.
Qc5 Qd8 47. d5 Nb7 48. Qa7 Qd7 49. Rb1 Nd8 50. Qxd7 Rxd7 51. a4 Ne6 52. Rbd1
Nc5 53. Ra3 Be7 54. Ra2 Ne4 55. Rc2 Bd6 56. Rc6 Bc7 57. Rdc1 Ba5 58. d6 Kf6 59.
f3 Nxd6 60. Ra6 Bb4 61. Rcc6 Ke5 62. Rab6 Bd2 1/2-1/2

[Event "Collado Villaoba op-B 34th"]
[Site "Collado Villalba"]
[Date "2017.08.29"]
[Round "8.10"]
[White "Fernandez Rios, Jose Francisco"]
[Black "Galan Aguado, Fernando"]
[Result "1-0"]
[WhiteElo "1771"]
[BlackElo "1618"]
[PlyCount "54"]
[EventDate "2017.08.22"]
[EventType "swiss"]
[EventRounds "9"]
[EventCountry "ESP"]

1. d4 e6 2. c4 d5 3. Nf3 b6 4. e3 Bb7 5. cxd5 exd5 6. Bd3 Bd6 7. Nc3 Nf6 8. O-O
a6 9. b3 O-O 10. Bb2 Nbd7 11. Rc1 Ne4 12. Ne2 Ndf6 13. Ng3 Nxg3 14. hxg3 Ne4
15. Qe2 Re8 16. Rc2 Re6 17. Nh4 Qg5 18. Nf3 Qh6 19. Ne5 f6 20. Bxe4 dxe4 21.
Nc4 a5 22. Nxd6 cxd6 23. Rfc1 f5 24. Qb5 d5 25. Rc7 Rb8 26. Qd7 Ba6 27. Qf7+
Kh8 1-0

[Event "Collado Villaoba op-B 34th"]
[Site "Collado Villalba"]
[Date "2017.08.29"]
[Round "8.11"]
[White "Suarez Prieto, Leopoldo"]
[Black "Olias Muñoz, Francisco"]
[Result "0-1"]
[WhiteElo "1648"]
[BlackElo "1865"]
[PlyCount "96"]
[EventDate "2017.08.22"]
[EventType "swiss"]
[EventRounds "9"]
[EventCountry "ESP"]

1. e4 e6 2. d4 d5 3. e5 c5 4. Be3 Nc6 5. Nf3 cxd4 6. Bxd4 Nge7 7. Bd3 Nxd4 8.
Nxd4 Qb6 9. Nb5 Ng6 10. Bxg6 fxg6 11. a4 Bc5 12. O-O O-O 13. Qd2 a6 14. N5c3
Qxb2 15. Ra2 Qb4 16. Ra3 d4 17. Rb3 dxc3 18. Nxc3 Qd4 19. Qe2 b5 20. Ne4 bxa4
21. Rc3 Bb6 22. Rd1 Qxe5 23. Rc6 Rb8 24. Qc4 a3 25. c3 a2 26. Rf1 Qd5 27. Qxd5
exd5 28. Nd2 Rxf2 29. Nb3 Rxf1+ 30. Kxf1 Bf5 31. Ke2 d4 32. Kd2 Ba5 33. Rxa6
Bxc3+ 34. Ke2 Rxb3 35. Ra8+ Kf7 36. Ra7+ Ke6 37. Ra6+ Kd5 38. Rxa2 Ke4 39. g4
Bxg4+ 40. Kf2 h5 41. h3 Bxh3 42. Kg3 Bg4 43. Kh4 Rb5 44. Kg3 Be1+ 45. Kh2 h4
46. Ra7 Bg3+ 47. Kg1 Rb1+ 48. Kg2 Bf3+ 0-1

[Event "Collado Villaoba op-B 34th"]
[Site "Collado Villalba"]
[Date "2017.08.29"]
[Round "8.12"]
[White "Osorio Ramos, Francisco"]
[Black "Barranco Martinez, Gabriel"]
[Result "1-0"]
[WhiteElo "1845"]
[BlackElo "1640"]
[PlyCount "103"]
[EventDate "2017.08.22"]
[EventType "swiss"]
[EventRounds "9"]
[EventCountry "ESP"]

1. d4 d5 2. c4 c6 3. Nf3 Bf5 4. Nc3 h6 5. cxd5 cxd5 6. Qb3 Nc6 7. e3 Qd6 8.
Qxd5 Qxd5 9. Nxd5 O-O-O 10. Nc3 Nb4 11. e4 Bg4 12. Ne5 Rxd4 13. Nxg4 Nc2+ 14.
Ke2 Nxa1 15. Be3 Rb4 16. Ne5 Rxb2+ 17. Kf3 Nc2 18. Bxa7 e6 19. Nd3 Bb4 20. Nxb2
Bxc3 21. Na4 Nd4+ 22. Ke3 Nc6 23. Nxc3 Nxa7 24. Be2 Ne7 25. f4 Rd8 26. Rc1 Nac6
27. g4 g5 28. f5 exf5 29. gxf5 Re8 30. Kf2 Rd8 31. Bf3 Ne5 32. Nd5+ N7c6 33.
Be2 Kb8 34. Ke3 h5 35. h3 Rd6 36. f6 Nd7 37. Rf1 Nce5 38. Bxh5 Rc6 39. Be2 Nc4+
40. Bxc4 Rxc4 41. Rd1 Ne5 42. Rg1 Ra4 43. Rxg5 Ra3+ 44. Kf4 Nd3+ 45. Kf5 Nf2
46. Nf4 Nxh3 47. Nxh3 Rxh3 48. Rg7 Ra3 49. Rxf7 Rxa2 50. Re7 Kc8 51. f7 Rf2+
52. Ke6 1-0

[Event "Collado Villaoba op-B 34th"]
[Site "Collado Villalba"]
[Date "2017.08.29"]
[Round "8.13"]
[White "Martin-Consuegra Barrilero, Francisco Javier"]
[Black "Melcon Diez, Enrique"]
[Result "1-0"]
[WhiteElo "1833"]
[BlackElo "1634"]
[PlyCount "111"]
[EventDate "2017.08.22"]
[EventType "swiss"]
[EventRounds "9"]
[EventCountry "ESP"]

1. Nf3 c5 2. c3 Nf6 3. g3 e6 4. Bg2 d5 5. d4 Be7 6. O-O O-O 7. Ne5 Nc6 8. Nxc6
bxc6 9. e3 cxd4 10. exd4 c5 11. Re1 cxd4 12. Qxd4 Qb6 13. Qxb6 axb6 14. Nd2 Ba6
15. Nf1 b5 16. a3 Bc5 17. Be3 Rfc8 18. h3 Bb7 19. Rad1 Ba7 20. Bxa7 Rxa7 21.
Ne3 Bc6 22. f4 Ne4 23. Bxe4 dxe4 24. Rd6 Kf8 25. Kf2 Ke7 26. Rd4 f5 27. Red1
Rd7 28. Rxd7+ Bxd7 29. Nc2 Rc6 30. Ke3 Rd6 31. Rd4 Rxd4 32. Kxd4 Kd6 33. Ne3 h6
34. b4 g5 35. h4 gxf4 36. gxf4 e5+ 37. fxe5+ Ke6 38. Ng2 Bc6 39. Nf4+ Ke7 40.
c4 Kd7 41. Kc5 bxc4 42. Kxc4 Kc7 43. b5 Bb7 44. Kc5 e3 45. b6+ Kc8 46. Kd4 Kd7
47. Kxe3 Kc6 48. Ng6 Kxb6 49. Kf4 Bc8 50. Ne7 Be6 51. Nxf5 h5 52. Ng7 Bf7 53.
Kf5 Kc7 54. a4 Kd8 55. Kf6 Bd5 56. Nxh5 1-0

[Event "Collado Villaoba op-B 34th"]
[Site "Collado Villalba"]
[Date "2017.08.29"]
[Round "8.14"]
[White "Criado Riesgo, Manuel"]
[Black "Herrero Corada, Jose Ignacio"]
[Result "1/2-1/2"]
[WhiteElo "1646"]
[BlackElo "1828"]
[PlyCount "79"]
[EventDate "2017.08.22"]
[EventType "swiss"]
[EventRounds "9"]
[EventCountry "ESP"]

1. d4 c6 2. c4 d5 3. cxd5 cxd5 4. Nf3 Nf6 5. Nc3 Nc6 6. Bg5 Ne4 7. Bd2 Nxd2 8.
Qxd2 Bf5 9. e3 a6 10. Bd3 Bxd3 11. Qxd3 e6 12. O-O Bd6 13. Rac1 O-O 14. Na4 Rc8
15. Nc5 Nb4 16. Qb3 Bxc5 17. Rxc5 Rxc5 18. dxc5 a5 19. a3 Na6 20. Qxb7 Nxc5 21.
Qb5 Ne4 22. Rc1 Nd6 23. Qc5 Qb8 24. Qxa5 Qxb2 25. Qc3 Nc4 26. Qxb2 Nxb2 27. Rb1
Nc4 28. a4 Ra8 29. h3 Kf8 30. Rb4 Ra6 31. Nd4 Nb6 32. Nc6 Ke8 33. a5 Nc4 34.
Rb8+ Kd7 35. Nb4 Rxa5 36. Rb7+ Ke8 37. Rb8+ Kd7 38. Rb7+ Ke8 39. Rb8+ Kd7 40.
Rb7+ 1/2-1/2

[Event "Collado Villaoba op-B 34th"]
[Site "Collado Villalba"]
[Date "2017.08.29"]
[Round "8.15"]
[White "Sanz Toledano, Alfonso"]
[Black "Vazquez Rodriguez, Francisco"]
[Result "0-1"]
[WhiteElo "1818"]
[BlackElo "1579"]
[PlyCount "140"]
[EventDate "2017.08.22"]
[EventType "swiss"]
[EventRounds "9"]
[EventCountry "ESP"]

1. b3 Nf6 2. Bb2 d5 3. e3 Bf5 4. f4 e6 5. Nf3 Nc6 6. Bb5 Be7 7. Ne5 O-O 8. Bxc6
bxc6 9. Nxc6 Qd7 10. Nxe7+ Qxe7 11. O-O Qd7 12. d3 Rad8 13. Bxf6 gxf6 14. Nd2
Kh8 15. Nf3 Rg8 16. Kh1 Rg7 17. Rg1 Qe7 18. Nd4 Bg4 19. Qd2 Qd7 20. Raf1 c5 21.
Nf3 Qb7 22. d4 Qb4 23. c3 Qb6 24. Qb2 c4 25. b4 Rb8 26. Rf2 Bf5 27. a3 Bd3 28.
Rc1 Be4 29. a4 a6 30. Nd2 Bd3 31. Nf1 Be4 32. Ng3 f5 33. Nxe4 fxe4 34. f5 Re8
35. b5 Rb8 36. f6 Rg6 37. Qb4 Qd8 38. Qe7 Qa5 39. Qd6 Qb6 40. Qxb6 Rxb6 41. Rb1
axb5 42. axb5 Rh6 43. Ra2 Rxf6 44. Ra6 Rxb5 45. Raa1 Rxb1+ 46. Rxb1 Rf2 47. Rc1
Re2 48. Kg1 Rxe3 49. Kf2 Rd3 50. Rc2 Kg7 51. Ke1 e3 52. Ke2 Rd2+ 53. Rxd2 exd2
54. Kxd2 Kf6 55. Ke3 Kf5 56. h3 h5 57. g3 Kg5 58. Kf3 f6 59. Ke3 Kf5 60. Kf3 e5
61. Ke3 e4 62. Ke2 Kg5 63. Ke3 f5 64. Ke2 f4 65. Kf2 fxg3+ 66. Kxg3 h4+ 67. Kg2
Kf4 68. Kf2 e3+ 69. Kg2 Ke4 70. Kf1 Kd3 0-1

[Event "Collado Villaoba op-B 34th"]
[Site "Collado Villalba"]
[Date "2017.08.29"]
[Round "8.16"]
[White "Fernandez Martinez, Luis"]
[Black "Rodriguez Del Moral, Angel"]
[Result "0-1"]
[WhiteElo "1634"]
[BlackElo "1769"]
[PlyCount "60"]
[EventDate "2017.08.22"]
[EventType "swiss"]
[EventRounds "9"]
[EventCountry "ESP"]

1. e4 d5 2. e5 c5 3. Bb5+ Nc6 4. Nf3 Bg4 5. O-O a6 6. Bxc6+ bxc6 7. d3 e6 8.
Nbd2 h6 9. b3 Ne7 10. h3 Bh5 11. Qe1 g5 12. g4 Bg6 13. Bb2 Nc8 14. Nh2 Be7 15.
f3 Nb6 16. Qe2 Nd7 17. Qf2 Qc7 18. f4 gxf4 19. Rae1 Qd8 20. Nhf3 h5 21. Kg2
hxg4 22. hxg4 Qc7 23. Rh1 O-O-O 24. Nh4 Bxh4 25. Rxh4 Rdg8 26. Rxh8 Rxh8 27.
Qxf4 Qd8 28. Nf3 Qa5 29. a4 d4 30. Ng5 Qxe1 0-1

[Event "Collado Villaoba op-B 34th"]
[Site "Collado Villalba"]
[Date "2017.08.29"]
[Round "8.17"]
[White "Olmedo Aznar, Eduardo"]
[Black "Marivela Santos, Juan Carlos"]
[Result "0-1"]
[WhiteElo "1519"]
[BlackElo "1716"]
[PlyCount "124"]
[EventDate "2017.08.22"]
[EventType "swiss"]
[EventRounds "9"]
[EventCountry "ESP"]

1. e4 c6 2. d3 d5 3. Nd2 dxe4 4. dxe4 Nf6 5. g3 Bg4 6. Ne2 e5 7. Bg2 Bc5 8. O-O
O-O 9. h3 Bh5 10. g4 Bg6 11. Ng3 Nbd7 12. Nb3 Bb6 13. Re1 Nc5 14. Nxc5 Bxc5 15.
Be3 Qb6 16. Bxc5 Qxc5 17. c3 Rfd8 18. Qe2 Rd7 19. Rad1 Rad8 20. Rxd7 Rxd7 21.
Rd1 Qe7 22. Rd2 Qd8 23. Nf1 h6 24. Rxd7 Qxd7 25. Nd2 Ne8 26. Nc4 f6 27. b3 Nc7
28. Qd2 Qxd2 29. Nxd2 Nb5 30. Nb1 Bf7 31. Kf1 Kf8 32. Ke2 Ke7 33. Kd3 b6 34.
Nd2 Nd6 35. Nf1 a5 36. Ne3 g6 37. Bf1 a4 38. c4 axb3 39. axb3 Nb7 40. Kc3 Kd6
41. Nc2 Nd8 42. Ne1 Ne6 43. Nd3 Nd4 44. f4 c5 45. fxe5+ fxe5 46. Nc1 Be6 47.
Ne2 g5 48. Ng3 Bd7 49. Nf5+ Bxf5 50. gxf5 h5 51. b4 g4 52. hxg4 hxg4 53. b5 Ke7
54. Kd3 Kf6 55. Ke3 Kg5 56. Bg2 Kh4 57. Kf2 g3+ 58. Ke3 Kg4 59. Kd2 Nf3+ 60.
Ke3 Nh4 61. Bf1 g2 62. Bxg2 Nxg2+ 0-1

[Event "Collado Villaoba op-B 34th"]
[Site "Collado Villalba"]
[Date "2017.08.29"]
[Round "8.18"]
[White "Enriquez Pastor, Jorge"]
[Black "Benito Alba, Eladio"]
[Result "1/2-1/2"]
[WhiteElo "1472"]
[BlackElo "1619"]
[PlyCount "48"]
[EventDate "2017.08.22"]
[EventType "swiss"]
[EventRounds "9"]
[EventCountry "ESP"]

1. e4 c6 2. d4 d5 3. Nc3 dxe4 4. Nxe4 Bf5 5. Ng3 Bg6 6. Nf3 Nd7 7. Bc4 e6 8.
O-O Ngf6 9. Re1 Be7 10. c3 O-O 11. Bd3 Bxd3 12. Qxd3 Qc7 13. Bg5 Rad8 14. Qc2
h6 15. Bxf6 Nxf6 16. Ne5 c5 17. dxc5 Bxc5 18. Nf3 Rd7 19. Rad1 Rfd8 20. Rxd7
Qxd7 21. Ne4 Nxe4 22. Qxe4 a5 23. Nd4 Bxd4 24. cxd4 Qxd4 1/2-1/2

[Event "Collado Villaoba op-B 34th"]
[Site "Collado Villalba"]
[Date "2017.08.29"]
[Round "8.19"]
[White "Santos Garay-Cordovil, Salvador"]
[Black "Yaniz Lana, Francisco Javier"]
[Result "1-0"]
[WhiteElo "1825"]
[BlackElo "1572"]
[PlyCount "63"]
[EventDate "2017.08.22"]
[EventType "swiss"]
[EventRounds "9"]
[EventCountry "ESP"]

1. d4 d5 2. c4 c6 3. Nc3 Nf6 4. Nf3 dxc4 5. a4 Bf5 6. e3 e6 7. Bxc4 Bb4 8. O-O
h6 9. Qb3 a5 10. Ne5 O-O 11. f3 Nbd7 12. Rd1 Bxc3 13. bxc3 Nb6 14. e4 Nxc4 15.
Nxc4 Bh7 16. Ba3 b5 17. axb5 Rb8 18. Bxf8 Qxf8 19. b6 Nd7 20. b7 c5 21. Nxa5
Qd6 22. Qb5 Nf6 23. Nc6 Ng4 24. fxg4 Bxe4 25. Nxb8 Qf4 26. Qe2 Bxb7 27. Nd7 Qc7
28. Nxc5 Bd5 29. Rdb1 Kh7 30. Rb4 Qe7 31. Qc2+ g6 32. c4 1-0

[Event "Collado Villaoba op-B 34th"]
[Site "Collado Villalba"]
[Date "2017.08.29"]
[Round "8.20"]
[White "Picazo Sancho, Alvaro"]
[Black "Garcia Prada, Guillermo"]
[Result "1-0"]
[WhiteElo "1772"]
[BlackElo "1375"]
[PlyCount "49"]
[EventDate "2017.08.22"]
[EventType "swiss"]
[EventRounds "9"]
[EventCountry "ESP"]

1. e4 c5 2. Nf3 e6 3. d4 d5 4. exd5 exd5 5. Nc3 Be6 6. Bb5+ Nc6 7. Be3 Qb6 8.
O-O Nf6 9. Qe2 Bd6 10. dxc5 Bxc5 11. Na4 Qc7 12. Nxc5 O-O 13. Bxc6 bxc6 14. Bg5
Qe7 15. Nxe6 fxe6 16. Nd4 Rac8 17. Qxe6+ Qxe6 18. Nxe6 Rfe8 19. Bxf6 Rxe6 20.
Bh4 Rb8 21. b3 Re2 22. Rac1 Rbe8 23. f3 Rf8 24. Rfe1 Rxe1+ 25. Rxe1 1-0

[Event "Collado Villaoba op-B 34th"]
[Site "Collado Villalba"]
[Date "2017.08.29"]
[Round "8.21"]
[White "Perez Suchan, Saul Mario"]
[Black "Garcia Lopez, Fernando"]
[Result "1/2-1/2"]
[WhiteElo "1668"]
[BlackElo "1558"]
[PlyCount "124"]
[EventDate "2017.08.22"]
[EventType "swiss"]
[EventRounds "9"]
[EventCountry "ESP"]

1. Nf3 Nf6 2. b3 g6 3. Bb2 Bg7 4. c4 d6 5. d4 Bg4 6. Nbd2 O-O 7. Qc2 Nc6 8. Qc3
a5 9. a3 b6 10. h3 Bc8 11. e4 Bb7 12. Bd3 e5 13. d5 Nb8 14. O-O Nbd7 15. b4 Nh5
16. g3 Qe7 17. Nb3 axb4 18. axb4 f5 19. Nbd2 h6 20. Qb3 f4 21. g4 Nhf6 22. Ba3
g5 23. c5 bxc5 24. bxc5 Ba6 25. Bxa6 Rxa6 26. Qb7 Raa8 27. cxd6 cxd6 28. Qc7
Ne8 29. Qb7 Rb8 30. Qc6 Rb6 31. Qc2 Nef6 32. Rfb1 Ra6 33. Qc7 Rfa8 34. Bb2 Rxa1
35. Rxa1 Rxa1+ 36. Bxa1 Ne8 37. Qc6 Nc5 38. Bc3 Nc7 39. Ne1 Qd7 40. Qxd7 Nxd7
41. Nc4 Nb5 42. Bb4 Bf8 43. f3 Nf6 44. Kf2 Kf7 45. Ke2 h5 46. Kd3 hxg4 47. hxg4
Ke8 48. Nc2 Kd7 49. N2a3 Nd4 50. Nd2 Ng8 51. Nac4 Nf6 52. Nb6+ Kc7 53. Nbc4 Ng8
54. Bc3 Nb5 55. Ba5+ Kb7 56. Bd8 Be7 57. Bxe7 Nxe7 58. Nb3 Kc7 59. Nb2 Kd7 60.
Nd1 Ng8 61. Nf2 Nh6 62. Nh3 Nf7 1/2-1/2

[Event "Collado Villaoba op-B 34th"]
[Site "Collado Villalba"]
[Date "2017.08.29"]
[Round "8.22"]
[White "Alameda Arellano, Cristeto"]
[Black "Garcia Prada, Alejandro"]
[Result "1/2-1/2"]
[WhiteElo "1577"]
[BlackElo "1505"]
[PlyCount "97"]
[EventDate "2017.08.22"]
[EventType "swiss"]
[EventRounds "9"]
[EventCountry "ESP"]

1. d4 d5 2. Bf4 Nf6 3. e3 c5 4. c3 Nc6 5. Nd2 Bf5 6. Ngf3 Qb6 7. Qc1 e6 8. Be2
Be7 9. h3 O-O 10. Nh4 Bg6 11. Nxg6 hxg6 12. Nf3 Rac8 13. Qd2 Ne4 14. dxc5 Bxc5
15. Qc2 Bd6 16. Bxd6 Nxd6 17. O-O Rfd8 18. Rfd1 Nf5 19. Qb3 Qc5 20. Nd4 Ncxd4
21. exd4 Qe7 22. Re1 Rc6 23. Qa4 a6 24. Qb3 Rdd6 25. a4 Rb6 26. Qc2 Rbc6 27.
Qd3 Qc7 28. Qd2 Rd7 29. Bg4 Rcd6 30. Bxf5 gxf5 31. Qg5 Qd8 32. Qxd8+ Rxd8 33.
Re2 Rb6 34. g3 g6 35. h4 Kg7 36. a5 Rb5 37. Kg2 Rb8 38. b4 Rc8 39. Re3 Kf6 40.
f4 Ra8 41. Re2 Ke7 42. Kf3 Kd6 43. Ke3 Rc8 44. Kd3 Rg8 45. Rc2 Rc8 46. Rh2 Rg8
47. Rc2 Ke7 48. Rh2 f6 49. Re1 1/2-1/2

[Event "Collado Villaoba op-B 34th"]
[Site "Collado Villalba"]
[Date "2017.08.29"]
[Round "8.23"]
[White "Cebrian Alfaya, Jorge"]
[Black "Aguilera Alonso, Hector"]
[Result "0-1"]
[WhiteElo "1527"]
[BlackElo "1574"]
[PlyCount "52"]
[EventDate "2017.08.22"]
[EventType "swiss"]
[EventRounds "9"]
[EventCountry "ESP"]

1. d4 d5 2. Nf3 Bf5 3. Bf4 e6 4. e3 Bd6 5. Bxd6 Qxd6 6. c4 Nf6 7. Nc3 c6 8. Qb3
Qc7 9. Rc1 Nbd7 10. cxd5 cxd5 11. Be2 O-O 12. O-O Qb6 13. Qa3 a6 14. Na4 Qa5
15. b4 Qd8 16. Nh4 Bg6 17. Nxg6 fxg6 18. Nc5 Nxc5 19. Rxc5 Ne4 20. Rc2 Rc8 21.
Qb3 Rxc2 22. Qxc2 Qd7 23. Qb2 Nd6 24. Rc1 b5 25. f3 Nc4 26. e4 Nxb2 0-1

[Event "Collado Villaoba op-B 34th"]
[Site "Collado Villalba"]
[Date "2017.08.29"]
[Round "8.24"]
[White "Merino Conrado, Ricardo"]
[Black "Rodriguez Gomez, Jose Antonio"]
[Result "1/2-1/2"]
[WhiteElo "1474"]
[BlackElo "1585"]
[PlyCount "101"]
[EventDate "2017.08.22"]
[EventType "swiss"]
[EventRounds "9"]
[EventCountry "ESP"]

1. d4 d5 2. Nf3 Nf6 3. c4 c6 4. Nc3 e6 5. h3 Be7 6. b3 O-O 7. Bb2 Bb4 8. Nd2
Nbd7 9. e3 Re8 10. f4 Bd6 11. Qf3 Nf8 12. g4 N6d7 13. h4 c5 14. Nb5 Be7 15. g5
f5 16. Bd3 a6 17. Na3 Nb6 18. Nc2 Qc7 19. Rc1 Bd7 20. Kf2 Bc6 21. Qh3 dxc4 22.
Nxc4 Bxh1 23. Qxh1 Nd5 24. Ne5 Rad8 25. h5 Qa5 26. b4 cxb4 27. Bc4 Bd6 28. Ng6
Rd7 29. Nh4 Bb8 30. Bb3 Qd8 31. Qf3 b5 32. e4 Nxf4 33. exf5 Qxg5 34. Rh1 Kh8
35. Bc1 Qxh5 36. Ng6+ hxg6 37. Rxh5+ Nxh5 38. fxg6 Nf6 39. Qh3+ Kg8 40. Qg2 Nd5
41. Bxd5 exd5 42. Nxb4 Re6 43. Be3 Rxg6 44. Qh1 Rf7+ 45. Ke2 Bf4 46. Qxd5 Bxe3
47. Kxe3 Rgf6 48. Nd3 Ng6 49. Qa8+ Kh7 50. Qh1+ Kg8 51. Qd5 1/2-1/2

[Event "Collado Villaoba op-B 34th"]
[Site "Collado Villalba"]
[Date "2017.08.29"]
[Round "8.25"]
[White "Salgado Duarte, Pablo"]
[Black "Martinez Martinez, Antonio"]
[Result "1-0"]
[WhiteElo "1583"]
[BlackElo "1525"]
[PlyCount "139"]
[EventDate "2017.08.22"]
[EventType "swiss"]
[EventRounds "9"]
[EventCountry "ESP"]

1. d4 g6 2. e4 d6 3. Nf3 c6 4. Nc3 Bg4 5. Be2 Bg7 6. h3 Bxf3 7. Bxf3 Qb6 8. Ne2
Nf6 9. O-O Nbd7 10. b3 c5 11. Bb2 c4 12. Rb1 cxb3 13. axb3 Rc8 14. Nc3 O-O 15.
Re1 e6 16. Na4 Qc7 17. c4 a6 18. Nc3 Ne8 19. Qd2 Qb6 20. Ba3 Qxd4 21. Qxd4 Bxd4
22. Na2 b6 23. Rbd1 e5 24. Bc1 Kg7 25. Nb4 Bc3 26. Bd2 Bxd2 27. Rxd2 a5 28. Nd5
f5 29. exf5 gxf5 30. Ne7 Rc5 31. Bh5 Kf6 32. Nd5+ Kg5 33. Bxe8 Rxe8 34. f4+ Kg6
35. Nc3 Re6 36. Na4 Rc6 37. Re3 Nb8 38. Nc3 Na6 39. Nd5 Nc5 40. b4 axb4 41.
Nxb4 Rc7 42. Nd5 Rb7 43. Rb2 Na4 44. Rb4 Nc5 45. Rxb6 Rxb6 46. Nxb6 e4 47. Rg3+
Kf7 48. Ra3 Re7 49. Nd5 Rd7 50. Ra1 Nd3 51. Kf1 Kg6 52. g3 Rb7 53. Ra6 Rb1+ 54.
Kg2 Rb2+ 55. Kf1 Rf2+ 56. Kg1 Rf3 57. Rxd6+ Kf7 58. Rf6+ Kg7 59. Rxf5 Rxg3+ 60.
Kh2 e3 61. Nc3 Rf3 62. c5 e2 63. Nxe2 Rf2+ 64. Kg3 Rxe2 65. Rd5 Nb4 66. Rd7+
Kg6 67. c6 h5 68. c7 Rc2 69. Kh4 Rc6 70. Rd6+ 1-0

[Event "Collado Villaoba op-B 34th"]
[Site "Collado Villalba"]
[Date "2017.08.29"]
[Round "8.28"]
[White "Fernandez Garcia, Emiliano"]
[Black "Ramirez Ocaña, Eneas"]
[Result "1-0"]
[WhiteElo "1537"]
[BlackElo "1385"]
[PlyCount "73"]
[EventDate "2017.08.22"]
[EventType "swiss"]
[EventRounds "9"]
[EventCountry "ESP"]

1. d4 d5 2. Bf4 c6 3. Nf3 Bg4 4. e3 Nf6 5. Be2 e6 6. Nbd2 Nbd7 7. h3 Bh5 8. c3
Be7 9. O-O O-O 10. Ne5 Bxe2 11. Qxe2 Nxe5 12. dxe5 Nd7 13. Qg4 Re8 14. Bh6 Bf8
15. Nf3 g6 16. Bf4 Bg7 17. h4 f5 18. Qh3 Qc7 19. Qg3 Nc5 20. Rfd1 Rad8 21. Qh2
Nd7 22. h5 gxh5 23. Qxh5 Nxe5 24. g3 Nxf3+ 25. Qxf3 Qf7 26. Kg2 Qf6 27. g4 Qg6
28. g5 e5 29. Bg3 Qxg5 30. Rh1 Rf8 31. Kf1 Qg6 32. Bxe5 Kh8 33. Rg1 Qe6 34.
Rxg7 Qxe5 35. Rxb7 Rb8 36. Rxa7 Rxb2 37. Qh5 1-0